Computer System Architecture (Record no. 12994)

MARC details
000 -LEADER
fixed length control field 00421nam a22001817a 4500
003 - CONTROL NUMBER IDENTIFIER
control field OSt
008 - FIXED-LENGTH DATA ELEMENTS--GENERAL INFORMATION
fixed length control field 220823b ||||| |||| 00| 0 eng d
020 ## - INTERNATIONAL STANDARD BOOK NUMBER
International Standard Book Number 9789332585607
082 ## - DEWEY DECIMAL CLASSIFICATION NUMBER
Classification number 004.22
Item number MAC
100 ## - MAIN ENTRY--PERSONAL NAME
Personal name MANO,Morris M
245 ## - TITLE STATEMENT
Title Computer System Architecture
250 ## - EDITION STATEMENT
Edition statement 3rd
Remainder of edition statement 20th Imp.
260 ## - PUBLICATION, DISTRIBUTION, ETC. (IMPRINT)
Place of publication, distribution, etc Noida
Name of publisher, distributor, etc Pearson
Date of publication, distribution, etc 2022
300 ## - PHYSICAL DESCRIPTION
Extent 586
650 ## - SUBJECT ADDED ENTRY--TOPICAL TERM
Topical term or geographic name as entry element BCA DS
700 ## - ADDED ENTRY--PERSONAL NAME
Personal name MALL, Rajib
942 ## - ADDED ENTRY ELEMENTS (KOHA)
Source of classification or shelving scheme Dewey Decimal Classification
Koha item type Text Books
Holdings
Withdrawn status Lost status Source of classification or shelving scheme Damaged status Not for loan Collection code Home library Current library Date acquired Source of acquisition Currency Cost, normal purchase price Bill Number Total Checkouts Full call number Acc. no. / Barcode Date last seen Actual Cost, discounted price Bill Date Koha item type Checked out Date last borrowed
    Dewey Decimal Classification     BCA in Data Structure PIET C-LIBRARY PIET C-LIBRARY 26/12/2024 Zafaa Books and Distributors INR 900.00 ZBD0382   004.22 MAC BC2456 26/12/2024 612.00 19/12/2024 Text Books    
    Dewey Decimal Classification     BCA in Data Structure PIET C-LIBRARY PIET C-LIBRARY 26/12/2024 Zafaa Books and Distributors INR 900.00 ZBD0382   004.22 MAC BC2457 26/12/2024 612.00 19/12/2024 Text Books    
    Dewey Decimal Classification     BCA in Data Structure PIET C-LIBRARY PIET C-LIBRARY 26/12/2024 Zafaa Books and Distributors INR 900.00 ZBD0382   004.22 MAC BC2458 26/12/2024 612.00 19/12/2024 Text Books    
    Dewey Decimal Classification     BCA in Data Structure PIET C-LIBRARY PIET C-LIBRARY 26/12/2024 Zafaa Books and Distributors INR 900.00 ZBD0382   004.22 MAC BC2459 26/12/2024 612.00 19/12/2024 Text Books    
    Dewey Decimal Classification     BCA in Data Structure PIET C-LIBRARY PIET C-LIBRARY 26/12/2024 Zafaa Books and Distributors INR 900.00 ZBD0382   004.22 MAC BC2460 26/12/2024 612.00 19/12/2024 Text Books    
    Dewey Decimal Classification     BCA in Data Structure PIET C-LIBRARY PIET C-LIBRARY 26/12/2024 Zafaa Books and Distributors INR 900.00 ZBD0382   004.22 MAC BC2461 26/12/2024 612.00 19/12/2024 Text Books    
    Dewey Decimal Classification     BCA in Data Structure PIET C-LIBRARY PIET C-LIBRARY 26/12/2024 Zafaa Books and Distributors INR 900.00 ZBD0382   004.22 MAC BC2462 26/12/2024 612.00 19/12/2024 Text Books    
    Dewey Decimal Classification     BCA in Data Structure PIET C-LIBRARY PIET C-LIBRARY 26/12/2024 Zafaa Books and Distributors INR 900.00 ZBD0382   004.22 MAC BC2463 26/12/2024 612.00 19/12/2024 Text Books    
    Dewey Decimal Classification     BCA in Data Structure PIET C-LIBRARY PIET C-LIBRARY 26/12/2024 Zafaa Books and Distributors INR 900.00 ZBD0382 2 004.22 MAC BC2464 06/03/2026 612.00 19/12/2024 Text Books 22/09/2026 06/03/2026
    Dewey Decimal Classification     BCA in Data Structure PIET C-LIBRARY PIET C-LIBRARY 26/12/2024 Zafaa Books and Distributors INR 900.00 ZBD0382   004.22 MAC BC2465 26/12/2024 612.00 19/12/2024 Text Books    

Design & Developed by: PIET Central Library
R70 Miles Stone Pattikalyana Samalkha Panipat 132102
mail ID :- [email protected], Phone No:- 0180-2569700 Ex.216